| 000 | 01131cam a2200265 4500 | ||
|---|---|---|---|
| 008 | 090401t1993 xxu||||| |||| 00| 0 eng d | ||
| 020 | _a1872470815 | ||
| 035 | _a(Sirsi) u14562 | ||
| 041 | _aeng | ||
| 050 | _a711.1 | ||
| 100 | _aHealey, Patsy | ||
| 245 | _aGains from planning? Dealing with the impacts of development. | ||
| 260 |
_aYork _bJoseph Rowntree Foundation _c1993 |
||
| 300 | _a50p. ; 30cm. | ||
| 350 | _a7.5 | ||
| 520 | _aSuggests ways in which policy makers can ensure that market opportunities and transactions develop efficiently while safeguarding environmental and community concerns. Government policy should be clear about the rationales used to justify agreements, development plans should specify the scope of impacts and the expected measures to alleviate or compensate and arrangements should be introduced to register and monitor agreements. | ||
| 650 | _aPLANNING AGREEMENTS | ||
| 650 | _aPLANNING GAIN | ||
| 690 | _aPLANNING LAW AND PRACTICE | ||
| 700 | _aPurdue, Michael | ||
| 700 | _aEnnis, Frank | ||
| 710 |
_aJoseph Rowntree Foundation _92318 |
||
| 942 | _n0 | ||
| 948 | _c04/03/1997 | ||
| 999 |
_c87191 _d87191 |
||